000 00505nam a2200169Ia 4500
008 090201s9999 xx 000 0 und d
010 _aKPL-33334
040 _bमराठी
041 _aमराठी
082 _a41764
_b33334
100 _aम. म. कर्णीक
245 _aलामणदिवा
_cम. म. कर्णीक
260 _c2004
_bउदय दिप प्रकाशन
300 _a196
_bमोठा
600 _aलामणदिवा
942 _cBOOK
999 _c238945
_d238945